<?xml version="1.0" encoding="UTF-8"?>
<record
    xmlns:xsi="http://www.w3.org/2001/XMLSchema-instance"
    xsi:schemaLocation="http://www.loc.gov/MARC21/slim http://www.loc.gov/standards/marcxml/schema/MARC21slim.xsd"
    xmlns="http://www.loc.gov/MARC21/slim">

  <leader>01175nam a22001457a 4500</leader>
  <datafield tag="999" ind1=" " ind2=" ">
    <subfield code="c">515468</subfield>
    <subfield code="d">515468</subfield>
  </datafield>
  <controlfield tag="008">210129b           ||||| |||| 00| 0 eng d</controlfield>
  <datafield tag="100" ind1=" " ind2=" ">
    <subfield code="a">Cowgill, B., Dell&#x2019;Acqua, F. and Matz, S. </subfield>
    <subfield code="9">23963</subfield>
  </datafield>
  <datafield tag="245" ind1=" " ind2=" ">
    <subfield code="a">The managerial effects of algorithmic fairness activism</subfield>
  </datafield>
  <datafield tag="260" ind1=" " ind2=" ">
    <subfield code="a">AEA Papers and Proceedings </subfield>
  </datafield>
  <datafield tag="300" ind1=" " ind2=" ">
    <subfield code="a">110, May, 2020: p.85-90</subfield>
  </datafield>
  <datafield tag="520" ind1=" " ind2=" ">
    <subfield code="a">How do ethical arguments affect AI adoption in business? We randomly expose business decision-makers to arguments used in AI fairness activism. Arguments emphasizing the inescapability of algorithmic bias lead managers to abandon AI for manual review by humans and report greater expectations about lawsuits and negative PR. These effects persist even when AI lowers gender and racial disparities and when engineering investments to address AI fairness are feasible. Emphasis on status quo comparisons yields opposite effects. We also measure the effects of "scientific veneer" in AI ethics arguments. Scientific veneer changes managerial behavior but does not asymmetrically benefit favorable (versus critical) AI activism.</subfield>
  </datafield>
  <datafield tag="773" ind1=" " ind2=" ">
    <subfield code="a">AEA Papers and Proceedings</subfield>
  </datafield>
  <datafield tag="906" ind1=" " ind2=" ">
    <subfield code="a">INFORMATION TECHNOLOGY</subfield>
  </datafield>
  <datafield tag="942" ind1=" " ind2=" ">
    <subfield code="c">AR</subfield>
  </datafield>
  <datafield tag="952" ind1=" " ind2=" ">
    <subfield code="0">0</subfield>
    <subfield code="1">0</subfield>
    <subfield code="2">ddc</subfield>
    <subfield code="4">0</subfield>
    <subfield code="7">0</subfield>
    <subfield code="9">389531</subfield>
    <subfield code="a">IIPA</subfield>
    <subfield code="b">IIPA</subfield>
    <subfield code="d">2021-01-29</subfield>
    <subfield code="h">110, May, 2020: p.85-90</subfield>
    <subfield code="p">AR123953</subfield>
    <subfield code="r">2021-01-29</subfield>
    <subfield code="y">AR</subfield>
  </datafield>
</record>
